Online katalóg knižníc regiónu Turca

Stretnutie s Michaelou (Record no. 22479)

MARC details
000 -LEADER
fixed length control field 00941nam a2200301 a 4500
001 - CONTROL NUMBER
control field 22479
003 - CONTROL NUMBER IDENTIFIER
control field SK-KTurca
005 - DATE AND TIME OF LATEST TRANSACTION
control field 20260330140810.0
008 - FIXED-LENGTH DATA ELEMENTS--GENERAL INFORMATION
fixed length control field 250414s1982 xo 0 slo
015 ## - NATIONAL BIBLIOGRAPHY NUMBER
National bibliography number SNBA1982/12
035 ## - SYSTEM CONTROL NUMBER
System control number SNK000042865
040 ## - CATALOGING SOURCE
Original cataloging agency SNK
Language of cataloging slo
Transcribing agency SNK
Description conventions AACR2
041 0# - LANGUAGE CODE
Language code of text/sound track or separate title slo
044 ## - COUNTRY OF PUBLISHING/PRODUCING ENTITY CODE
MARC country code xo
ISO country code SK
080 ## - UNIVERSAL DECIMAL CLASSIFICATION NUMBER
Universal Decimal Classification number 885.0-3(087.5)
Edition identifier 1981
100 1# - MAIN ENTRY--PERSONAL NAME
Personal name Klevis, Vladimír,
Dates associated with a name 1933-1998
Relationship aut
245 10 - TITLE STATEMENT
Title Stretnutie s Michaelou
Statement of responsibility, etc. Vladimír Klevis ; Silvia Kršková, Mária Dusíková
250 ## - EDITION STATEMENT
Edition statement 1. vyd.
260 ## - PUBLICATION, DISTRIBUTION, ETC.
Place of publication, distribution, etc. Bratislava
Name of publisher, distributor, etc. Mladé letá
Date of publication, distribution, etc. 1982
Place of manufacture Banská Bystrica
Manufacturer Tlačiarne SNP
300 ## - PHYSICAL DESCRIPTION
Extent 117 s., 7,47 AH
Dimensions 21 cm
366 ## - TRADE AVAILABILITY INFORMATION
Note 15000 výtl.
500 ## - GENERAL NOTE
General note Ilustr. na front. Pre čitateľov od 13 rokov.
700 1# - ADDED ENTRY--PERSONAL NAME
Personal name Kršková, Silvia
Relationship trl
700 1# - ADDED ENTRY--PERSONAL NAME
Personal name Dusíková, Maja,
Dates associated with a name 1946-
Relationship bkd
942 ## - ADDED ENTRY ELEMENTS (KOHA)
Source of classification or shelving scheme Dewey Decimal Classification
Koha item type Krásna literatúra pre deti
Suppress in OPAC No
Holdings
Stav vyradenia Strata Poškodenie Spôsob nadobudnutia Domovská knižnica Aktuálna knižnica Dátum nadobudnutia Total checkouts Čiarový kód exemplára Date last seen Typ exemplára
      Dar Obecná knižnica Horná Štubňa Obecná knižnica Horná Štubňa 30.03.2026   4736202044 30.03.2026 Krásna literatúra pre deti
Projekt je podporený Slovenskou asociáciou knižníc
Prevádzkuje Turčianska knižnica Martin 2026